Quizmaster by images - Statistics

General Stats
  • This quiz has been taken 13 times
  • The average score is 9 of 10
Answer Stats
Picture Answer % Correct
Egg
100%
Rope
100%
Spider
100%
Zebra
100%
Igloo
90%
Quill
90%
Antelope
80%
Unicycle
80%
Mist
70%
Tack
70%
No matching quizzes found
Score Distribution
Percent of People with Each Score
Percentile by Number Answered
Your Score History
You have not taken this quiz